| 000 | 00717nam a2200193 4500 | ||
|---|---|---|---|
| 005 | 20260604145743.0 | ||
| 010 | _aENG-148769 | ||
| 020 |
_a9788199871373 _c150.00 |
||
| 035 | _aEN-132301 | ||
| 037 | _bDBAD | ||
| 082 |
_a618.9289 _21 |
||
| 100 |
_aStephen, S. Jeyaseela _989307 |
||
| 245 |
_aThe Beggers, Vagabonds, Orphan Children, Widows, Street Dwellers and Prostitutes in Madras Under British Colonial Rule, 1787-1947/ _cS. Jeyaseela Stephen |
||
| 250 | _a1 | ||
| 260 |
_aChennai _bNew Century Book House (P) Ltd. _c2026 |
||
| 270 |
_a41-B, SIDCO Industrial Estate, Ambattur _bChennai _e600050 _k04426251968 _minfo@ncbh.in |
||
| 300 |
_a150p. _c21cm(pb) |
||
| 942 |
_2ddc _cEN _h618.9289 _mSTE _e1 |
||
| 999 |
_c216502 _d216502 |
||